ISC PHYSICS BOOK II: (Record no. 184048)

MARC details
000 -LEADER
fixed length control field 00591nam a22001817a 4500
005 - DATE AND TIME OF LATEST TRANSACTION
control field 20220112111945.0
010 ## - LCCN (DPL NO)
LC control number ENG-131071
020 ## - INTERNATIONAL STANDARD BOOK NUMBER
International Standard Book Number 978-93-52-534-906
Terms of availability 1165.00
035 ## - SYSTEM CONTROL NUMBER
System control number EN-114603
037 ## - SOURCE OF ACQUISITION
Source of stock number/acquisition DBAD
082 ## - DEWEY DECIMAL CLASSIFICATION NUMBER
Classification number 530
100 ## - MAIN ENTRY--PERSONAL NAME
Personal name Vivekanandan, P.
245 ## - TITLE STATEMENT
Title ISC PHYSICS BOOK II:
Statement of responsibility, etc P. Vivekanandan, Anand V. Karthik, D.K. Banerjee
Remainder of title for Class XII/
260 ## - PUBLICATION, DISTRIBUTION, ETC. (IMPRINT)
Place of publication, distribution, etc New Delhi
Name of publisher, distributor, etc S Chand School Books
Date of publication, distribution, etc 2013
270 ## - ADDRESS
City New Delhi
Address A-27, 2nd Floor, Mohan Co-operative Industrial Estate
Postal code 110044
300 ## - PHYSICAL DESCRIPTION
Extent 1462p.
Dimensions 24cm(pbk)
942 ## - ADDED ENTRY ELEMENTS (KOHA)
Source of classification or shelving scheme Dewey Decimal Classification
Item type English Books
Classification part 530
Call number suffix VIV
Holdings
Withdrawn status Lost status Not for loan Collection code Home library Current library Date acquired Source of acquisition Cost, normal purchase price Full call number Barcode Copy number Cost, replacement price Koha item type
      Non-fiction Central Library Central Library 12/01/2022 DBAD/PUB 1165.00 530 VIV EN-114603 1 1165.00 English Books

© Delhi Public Library
Hit Counter
free hit counter